| 000 | 00964nam a22002537a 4500 | ||
|---|---|---|---|
| 005 | 20120102165341.0 | ||
| 008 | 120102t xxu||||| |||| 00| 0 eng d | ||
| 010 | _aENG-104544 | ||
| 020 |
_a8174091955 _c395.00 |
||
| 035 | _aEN-88077 | ||
| 037 | _bDBAD/PUB | ||
| 040 |
_aDPl _bEng |
||
| 082 | _a510.2462 | ||
| 100 |
_aGrewal, B.S. _937833 |
||
| 245 | 0 | 0 |
_aHigher engineering mathematics / _cby B.S. Grewal [and] J.S. Grewal |
| 250 | _a41st ed | ||
| 260 |
_aNew Delhi _bKhanna Publishers _c2011 |
||
| 270 |
_a4575/15 Onkar House, Ground Floor, Darya Ganj _bNew Delhi _e110002 |
||
| 300 |
_a1476p. _bill. _c25cm(pbk) |
||
| 700 | _937834 | ||
| 942 |
_2ddc _cEN _h510.2462 _mGRE |
||
| 999 |
_c60139 _d60139 |
||